000 01123nam a22002777a 4500
999 _c64917
_d64917
005 20240530110757.0
008 190114s2017 ua f b 000 0dara d
017 _a2017/4310
_bمصر. دار الكتب
020 _a9789779111865
040 _aEG-CaGPL
_cEG-CaGPL
082 0 4 _221
_a379.62 /
_bق/م م
100 0 _aمحمد الصباغ
245 1 0 _aمشكلات التعليم فى مصر :
_bالواقع والمامول /
_cتاليف محمد الصباغ
250 _aط.1
260 _aالقاهرة :
_bالهيئة المصرية العامة للكتاب،
_c2017.
300 _a118 ص. ؛
_c24 سم .
504 _aيشتمل على ارجاعات ببليوجرافية
650 0 7 _2qrmak
_aالتعليم
_zمصر
_xتقارير
650 0 7 _2qrmak
_aالتعليم
_xمناهج
_zمصر
650 0 7 _2qrmak
_aالتعليم
_xاغراضة واهدافة
_zمصر
650 0 7 _2qrmak
_aالتعليم
_zمصر
_xاحصاءات
650 0 7 _2qrmak
_aالتعليم
_xقوانين وتشريعات
_zمصر
651 _2qrmak
942 _2ddc
_cBK